| 000 | 00686nam a22002057a 4500 | ||
|---|---|---|---|
| 999 |
_c11178 _d11178 |
||
| 003 | AR-CdUCM | ||
| 008 | 190403b ||||| |||| 00| 0 spa d | ||
| 040 |
_aMUNICIPALIDAD PROVINCIAL DEL CUSCO _cBIBLIOTECA MUNICIPAL DEL CUSCO |
||
| 082 |
_a859.1 / _bP26 / |
||
| 100 |
_aPardo Bazan, Emilia _928399 |
||
| 245 | _aSan Francisco de Asís / | ||
| 260 |
_aMadrid : _bHeros, |
||
| 300 |
_a375 páginas ; _c19 cm. |
||
| 505 | _aContenido : t,28 : La orden tercera -- Notas -- La indulgencia de las rosas -- San Francisco y la mujer ... | ||
| 650 |
_aHistoria _9136 |
||
| 650 |
_aSan Francisco de Asís _928400 |
||
| 650 |
_aObras completas _95231 |
||
| 942 |
_2ddc _cLIBROS |
||
| 945 | _arah | ||